000 01781nam0a2200313 4500
001 RU\NLR\BIBL_A\012078326
005 20240921150646.0
010 _a9785731046121
_960
021 _aRU
_b2019-53910
_9КН-П-3883
021 _aRU
_b2019-53910
_9КН-П-4274
035 _a(RuMoRGB)010044498
035 _a(NLR Aleph) 012078326
090 _a11791078
_c11791078
100 _a20190821d2019 u y0rusy50 ca
101 0 _arus
_deng
102 _aRU
105 _aa zzzz000|1yy
200 1 _aУправление лояльностью потребителей
_eучебное пособие
_fА. Ю. Курочкина
_gМинистерство науки и высшего образования Российской Федерации, Федеральное государственное бюджетное образовательное учреждение высшего образования "Санкт-Петербургский государственный экономический университет", Кафедра маркетинга
210 _aСанкт-Петербург
_cИзд-во Санкт-Петербургского государственного экономического университета
_d2019
215 _a99 с.
_cил., табл.
_d20
300 _aРез. англ.
320 _aБиблиогр.: с. 98-99 и в подстроч. примеч.
606 1 _aПотребительство
_jУчебные издания для высших учебных заведений
_91370065
_3RU\NLR\AUTH\66573999
686 1 _aУ42(0)1-361.4я73
700 1 _aКурочкина
_bА. Ю.
_gАнна Юрьевна
942 _cBOOK
980 _aNBR